000 01321nam a2200289 i 4500
001 106044
003 ES-MaACL
005 20251115063249.0
007 t|
008 060922s1947 ag |||| | spa d
080 _a821.134.2-31"15"
100 1 _aLuján de Sayavedra, Mateo,
_dca. 1560-1604
_9162929
245 1 0 _aSegunda parte de la vida del pícaro Guzmán de Alfarache /
_cpor Mateo Luján de Sayavedra
_b. Historia del abencerraje y la hermosa Jarifa / por Antonio de Villegas / [prólogo, Luisa Sofovich].
246 1 0 _aHistoria del abencerraje y la hermosa Jarifa
246 1 0 _iPrecede al tít.
_aNovelistas anteriores a Cervantes
250 _aEd. publ. en homenaje al 4º Centenario del Nacimiento de don Miguel de Cervantes Saavedra, 1547-1947
_bal cuidado de Luisa Sofovich.
260 _aBuenos Aires :
_bLautaro,
_c1947.
300 _a213 p. ;
_c19 cm.
490 1 _aPingüino ;
_vCL 1.
_aClásicos
700 1 _aVillegas, Antonio de.
_9115201
700 1 _aSofovich, Luisa.
_9162928
740 3 2 _aEl abencerraje y la hermosa Jarifa.
830 0 _aPingüino ;
_vCL 1.
_aClásicos
_9232806
852 _aES-MaACL
_jAND-711
_z. - Biblioteca Juan Andrade
852 _aES-MaACL
_jL-31658
_z. - Donat. herederos de la bibl. de Mª del Pilar Costa Palacín
999 _c106044
_d106044